Devine mes bias dans mes groupes de kpop - Statistiques

Statistiques générales
  • Ce quiz a été pris 488 fois
    145 depuis la dernière actualisation
  • Le résultat moyen est 20 sur 37
Statistiques - réponses
Groupes BIAS % Correct
BLACKPINK Rosé
97%
BLACKPINK Rosé
97%
STRAY KIDS Felix
91%
BTS V
90%
IKON Jay
82%
ENHYPEN Jay
82%
BTS Suga
82%
AESPA Ningning
81%
STRAY KIDS Seungmin
75%
ENHYPEN Jungwon
69%
KATSEYE Sophia
69%
I-DLE Soyeon
69%
LE SSERAFIM Chaewon
68%
ITZY Yeji
67%
TXT Taehyun
65%
IVE Yujin
64%
I-DLE Yuqi
62%
BABYMONSTER Rami
60%
ATEEZ Yeosang
55%
IVE Leeseo
53%
SHINEE Taemin
50%
SUPERM Taemin
50%
ATEEZ Jongho
47%
P1HARMONY Theo
40%
WAYV Ten
37%
SUPERM Ten
37%
SHINEE Key
36%
NCT DREAM Haechan
33%
NCT 127 Haechan
33%
SHINEE Jonghyun
33%
NCT DREAM Chenle
32%
NCT 127 Doyoung
31%
SUPERM Baekhyun
27%
MONSTA X Kihyun
17%
MCND Minjae
13%
MCND Huijun
10%
A.C.E Byeongkwan
9%
Aucun quiz correspondant
Distribution des résultats
% des personnes avec chaque résultat
Percentile par nombre de réponses
Votre historique - résultats
Vous n’avez pas pris ce quiz depuis la dernière actualisation